=LDR 00000nam 2200000 4500 =001 INLIS000000000036699 =005 20130612142453 =008 ***********************************Ind** =035 ##$$0010-061300000036699 =041 ##$$a Ind =082 ##$$a 641.8 =090 ##$$a 641.8, Kus d =100 ##$$a Kusuma, Wahyu =245 ##$$a 25 sajian terlezat, yuk otak-atik adonan kue dan roti, Wahyu Kusumo dan Rafeila Reggie =260 ##$$a 2011 $b Jakarta =300 ##$$a 55 hlm, ilus, 22 cm =650 ##$$a Kue resep =700 ##$$a Reggie, Rafeila =850 ##$$a NBPNMAT